00433pab a2200145 454500008004000000100001700040245008500057260000900142300001400151362000800165650002900173650002400202700001600226773004500242180718b1998 xxu||||| |||| 00| 0 eng d aLeones, J.P. aNon farm activity and rural household income: evidence from Philippine microdata c1998 ap.789-806 aJul aEmployment - Philippines aIncome distribution aFeldman, S. aEconomic Development and Cultural Change